| 000 | 00000nam 2200000za 4500 |
| 001 | 9.653705 |
| 003 | CaOODSP |
| 005 | 20240422114624 |
| 007 | ta |
| 008 | 150407|1993||||xxc||||| f|0| 0 eng d |
| 020 | |a0-662-59704-4 |
| 040 | |aCaOODSP|beng |
| 041 | |aeng |
| 041 | |afre |
| 043 | |an-cn--- |
| 086 | 1 |aS55-2/3-1993 |
| 110 | 1 |aCanada.|bSecretary of State of Canada. |
| 245 | 10|aOfficial Languages Act: a guide for Canadians / |cIssued jointly by the Secretary of State of Canada and the Department of Justice Canada. |
| 260 | |aOttawa - Ontario : |bSecretary of State of Canada |c1993. |
| 300 | |aEnglish text, 23p. ; |c28 cm. |
| 546 | |aBilingual |
| 563 | |aSoftcover |
| 590 | |a93-26|b1993-07-02 |
| 690 | 07|aOfficial languages|2gcpds |
| 776 | 0#|tOfficial Languages Act : |w(CaOODSP)9.937250 |
| 792 | |tLoi sur les langues officielles: guide à l'intention des Canadiens / |efre|w(CaOODSP)9.653706 |